R. Decreto n. 360 col quale viene istituita in Roma e annessa al Liceo musicale di Santa Cecilia una Scuola di recitazione e se ne approva il regolamento ed il ruolo organico / Ministero dell'Istruzione Pubblica

Publicado: Roma : Tip. Elzeviriana , 1896
Descripción Física: 6 p. ; 27 cm

MARC

LEADER 00000nam a2200000Ia 4500
001 21166
003 BGR
005 20260324180149.0
008 160829s1896 xx 000 0 cat d
080 |a 3385, exp. 7 
110 1 |a Roma  |b Ministero dell'Istruzione Pubblica  |9 71334 
245 |a R. Decreto n. 360 col quale viene istituita in Roma e annessa al Liceo musicale di Santa Cecilia una Scuola di recitazione e se ne approva il regolamento ed il ruolo organico / Ministero dell'Istruzione Pubblica 
260 |a Roma :  |b Tip. Elzeviriana,  |c 1896 
300 |a 6 p. ;  |c 27 cm 
590 |a A la part superior de la coberta: Estratto dal Bollettino Ufficiale del 20 agosto 1896 
610 2 0 |9 70084  |a Liceo musicale di Santa Cecilia 
710 2 |a Liceo musicale di Santa Cecilia  |9 70084 
901 |a Arxiu 
942 |n 1  |2 udc  |c MON 
952 |0 0  |1 0  |4 0  |6 3385_EXP_7  |7 1  |9 54448  |a Arxiu  |b Arxiu  |d 2016-12-01  |l 0  |o 3385, exp. 7  |p 21166  |r 2016-12-01 00:00:00  |w 2016-12-01  |y ARXIU 
999 |c 58317  |d 58317